Tribhuvan University Central Library

Cause and consequences in international relation; a conceptual study (Record no. 24022)

MARC details
000 -LEADER
fixed length control field 006000000a22002290004500
082 ## - DEWEY DECIMAL CLASSIFICATION NUMBER
Classification number 327
Item number N515c
-- T
020 ## - INTERNATIONAL STANDARD BOOK NUMBER
International Standard Book Number 1-85567-243-X
041 ## - LANGUAGE CODE
Language code of text/sound track or separate title Eng
100 ## - MAIN ENTRY--PERSONAL NAME
Personal name Nicholson, Michael
245 ## - TITLE STATEMENT
Title Cause and consequences in international relation; a conceptual study
260 ## - PUBLICATION, DISTRIBUTION, ETC. (IMPRINT)
Place of publication, distribution, etc London
Name of publisher, distributor, etc Pinter, Great Britain
260 ## - PUBLICATION, DISTRIBUTION, ETC. (IMPRINT)
Date of publication, distribution, etc 1996
300 ## - PHYSICAL DESCRIPTION
Extent viii, 216p.
Other physical details illus.
500 ## - GENERAL NOTE
General note Bibliography: p. 200-210
518 ## - DATE/TIME AND PLACE OF AN EVENT NOTE
Date/time and place of an event note 2001-06-26
530 ## - ADDITIONAL PHYSICAL FORM AVAILABLE NOTE
Additional physical form available note M
650 ## - SUBJECT ADDED ENTRY--TOPICAL TERM
Topical term or geographic name as entry element International relations
650 ## - SUBJECT ADDED ENTRY--TOPICAL TERM
Topical term or geographic name as entry element Foreign policy
650 ## - SUBJECT ADDED ENTRY--TOPICAL TERM
Topical term or geographic name as entry element Social behaviour
650 ## - SUBJECT ADDED ENTRY--TOPICAL TERM
Topical term or geographic name as entry element Social sciences
942 ## - ADDED ENTRY ELEMENTS (KOHA)
Koha item type General Collections
Holdings
Withdrawn status Lost status Damaged status Not for loan Home library Current library Date acquired Total Checkouts Barcode Date last seen Price effective from
        Tribhuvan University Central Library Tribhuvan University Central Library 06/20/2010   122165 06/20/2010 06/20/2010